000 00420nam a2200121Ia 4500
008 220616s9999||||xx |||||||||||||| ||und||
100 _aUmashankar Lakshmanadoss
245 0 _aCardiac Arrhythmias
546 _aEnglish[eng]
650 _aMedicine||Cardiology and Cardiovascular Medicine||Clinical Cardiac Electrophysiology||Health Sciences
856 _uhttps://www.intechopen.com/books/cardiac-arrhythmias
942 _cEB
999 _c19711
_d19711